Insight into PET
nsight into PET is a short course which prepares candidates for the PET examination. Organised paper by paper, this course combines thorough exam coverage with snappy units to give students a clear sense of progress and achievement. Supplementary activities for the classroom or self-study
Uloženo v:
| Hlavní autor: | |
|---|---|
| Médium: | Kniha |
| Jazyk: | Undetermined |
| Vydáno: |
Cambridge
Cambridge University Press
2004
|
| Témata: | |
| Tagy: |
Přidat tag
Žádné tagy, Buďte první, kdo otaguje tento záznam!
|
| Thư viện lưu trữ: | Trung tâm Học liệu Trường Đại học Cần Thơ |
|---|
| LEADER | 00918nam a2200217Ia 4500 | ||
|---|---|---|---|
| 001 | CTU_65495 | ||
| 008 | 210402s9999 xx 000 0 und d | ||
| 020 | |b 100000 | ||
| 082 | |a 428.0071 | ||
| 082 | |b N333/Cas.2 | ||
| 100 | |a Naylor, Helen | ||
| 245 | 0 | |a Insight into PET | |
| 245 | 0 | |c Helen Naylor, Stuart Hagger | |
| 260 | |a Cambridge | ||
| 260 | |b Cambridge University Press | ||
| 260 | |c 2004 | ||
| 520 | |a nsight into PET is a short course which prepares candidates for the PET examination. Organised paper by paper, this course combines thorough exam coverage with snappy units to give students a clear sense of progress and achievement. Supplementary activities for the classroom or self-study | ||
| 650 | |a English language,Tiếng Anh,Tiếng Anh,English language | ||
| 650 | |x Examinations,Thi cử | ||
| 904 | |i Bằng, Huỳnh Mai | ||
| 980 | |a Trung tâm Học liệu Trường Đại học Cần Thơ | ||